Extraction 2020 / (Record no. 22434)

000 -LEADER
fixed length control field 01316nam a22003137a 4500
008 - FIXED-LENGTH DATA ELEMENTS--GENERAL INFORMATION
fixed length control field 260414b xxu||||| |||| 00| 0 eng d
040 ## - CATALOGING SOURCE
Original cataloging agency Cagayan State University
082 ## - DEWEY DECIMAL CLASSIFICATION NUMBER
Classification number 791.4372
Item number Ex87 2020
245 ## - TITLE STATEMENT
Title Extraction 2020 /
Statement of responsibility, etc directed by Sam Hargrave ; screenplay by Joe Russo, Anthony Russo, Mike Larocca, Chris Hemsworth, Eric Gitter, Peter Schwern.
260 ## - PUBLICATION, DISTRIBUTION, ETC. (IMPRINT)
Place of publication, distribution, etc United States :
Name of publisher, distributor, etc Netflix,
Date of publication, distribution, etc 2020.
300 ## - PHYSICAL DESCRIPTION
Extent 1 videofile, (ca. 117 mins.) :
Other physical details sound, color.
520 ## - SUMMARY, ETC.
Summary, etc Tyler Rake, a fearless black market mercenary, embarks on the most deadly extraction of his career when he's enlisted to rescue the kidnapped son of an imprisoned international crime lord.
521 ## - TARGET AUDIENCE NOTE
Target audience note Rated R for strong bloody violence throughout, language and brief drug use.
650 ## - SUBJECT ADDED ENTRY--TOPICAL TERM
Topical term or geographic name as entry element Action.
650 ## - SUBJECT ADDED ENTRY--TOPICAL TERM
Topical term or geographic name as entry element Crime.
650 ## - SUBJECT ADDED ENTRY--TOPICAL TERM
Topical term or geographic name as entry element Thriller.
700 ## - ADDED ENTRY--PERSONAL NAME
Personal name Hargrave, Sam, director.
700 ## - ADDED ENTRY--PERSONAL NAME
Personal name Hemsworth, Chris, star.
700 ## - ADDED ENTRY--PERSONAL NAME
Personal name Jaiswal, Rudhkraksh, star.
700 ## - ADDED ENTRY--PERSONAL NAME
Personal name Hooda, Randeep, star.
700 ## - ADDED ENTRY--PERSONAL NAME
Personal name Painyuli, Priyanshu, star.
700 ## - ADDED ENTRY--PERSONAL NAME
Personal name Farahani, Golshifteh, star.
700 ## - ADDED ENTRY--PERSONAL NAME
Personal name Tripathi, Pankaj, star.
700 ## - ADDED ENTRY--PERSONAL NAME
Personal name Harbour, David, star.
700 ## - ADDED ENTRY--PERSONAL NAME
Personal name Sigel, Newton Thomas, cinematographer.
700 ## - ADDED ENTRY--PERSONAL NAME
Personal name Ellis, Peter B., editor.
700 ## - ADDED ENTRY--PERSONAL NAME
Personal name Aslan, Ruthie, editor.
942 ## - ADDED ENTRY ELEMENTS (KOHA)
Source of classification or shelving scheme
Item type Audio-Visual Materials
Holdings
Source of acquisition Price effective from Permanent location Date last seen Not for loan Date acquired Source of classification or shelving scheme Koha item type Collection code Shelving location Damaged status Lost status Withdrawn status Current location Full call number
Donation 2026-04-16Cagayan State University - Carig Library2026-04-16 2026-04-16 Audio-Visual MaterialsElectronic Media CenterElectronic Media Center   Cagayan State University - Carig Library791.4372 Ex87 2020

Cagayan State University University Library, Carig Campus
Tuguegarao City, Cagayan 3500 | www.csucarig.edu.ph

Powered by Koha